Kalandtábor változatos programokkal

Bibliographic Details
Main Author: Pirk, Ilona (Author)
Format: Article
Language:Hungarian
Slovak
Subjects:

MARC

LEADER 00000nab a2200000 a 4500
001 vtls011089734
003 SK-MaSNL
005 20260318132749.0
008 151026|2015 xo m| 000 02hun
015 |a SNBRB2015/10 
038 |a DSZK 
040 |a DSZK  |b slo  |c DSZK  |e AACR2 
041 0 |a hun  |a slo 
044 |a xo  |c SK 
080 |a 379.83/.84  |x (437.612)  |2 2001 
100 1 |a Pirk, Ilona  |4 aut  |9 1194383 
245 1 0 |a Kalandtábor változatos programokkal  |c Pirk Ilona 
300 |b Fotogr. 
546 |a Dvojjazyčné vydanie 
610 2 7 |a Csemadok Kalandtábor  |n (3. :  |d 2015 :  |c Šamorín, Slovensko)  |2 dszk  |9 1194384 
648 7 |a 2015  |2 dszk  |9 337775 
650 0 7 |a detské tábory  |2 SNKPH  |9 30299 
651 7 |a Šamorín (Slovensko)  |2 SNKPH  |9 28925 
773 0 |t Somorja és vidéke=Šamorín a okolie  |g Évf. XXV, sz. 9 (2015), o. 4  |x 1338-9068 
852 |a DSZK  |b KIS3GCP 
958 |a SK 
958 |a HU 
999 |c 2078607  |d 2080537